Every Eurovision Participant - Statistics

General Stats
  • This quiz has been taken 63 times
  • The average score is 47 of 52
Answer Stats
# Best Place Answer % Correct
17 6th Belarus
98%
65 Winner United Kingdom
98%
56 Winner Ireland
96%
54 Winner Portugal
96%
34 Winner Türkiye
96%
19 5th Albania
94%
55 Winner Austria
94%
65 Winner Belgium
94%
15 2nd Bulgaria
94%
28 Winner Estonia
94%
66 Winner France
94%
67 Winner Germany
94%
17 4th Hungary
94%
23 Winner Latvia
94%
23 6th Lithuania
94%
38 Winner Luxembourg
94%
61 Winner Norway
94%
24 Winner Russia
94%
15 Winner Serbia
94%
62 Winner Sweden
94%
18 Winner Ukraine
94%
51 Winner Denmark
92%
56 Winner Finland
92%
43 Winner Greece
92%
35 2nd Iceland
92%
49 Winner Italy
92%
35 2nd Malta
92%
64 Winner Netherlands
92%
25 2nd Poland
92%
62 Winner Spain
92%
64 Winner Switzerland
92%
6 Semi-Final Andorra
90%
28 4th Croatia
90%
39 2nd Cyprus
90%
11 6th Czech Republic
90%
45 Winner Israel
90%
12 13th Montenegro
90%
28 7th Slovenia
90%
15 Winner Azerbaijan
88%
23 3rd Romania
88%
7 18th Slovakia
88%
15 4th Armenia
87%
8 2nd Australia
87%
19 3rd Bosnia & Herzegovina
87%
18 3rd Moldova
85%
24 Winner Monaco
85%
13 19th San Marino
85%
15 9th Georgia
83%
22 7th North Macedonia
83%
1 18th Morocco
79%
27 Winner Yugoslavia
71%
3 2nd Serbia & Montenegro
67%
No matching quizzes found
Score Distribution
Percent of People with Each Score
Percentile by Number Answered
Your Score History
You have not taken this quiz